[Event "POL-chT 1st League 2020"]
[Site "Ustron"]
[Date "2020.09.07"]
[Round "3.8"]
[White "Mis, Mieszko"]
[Black "Jakubiec, Artur"]
[Result "1/2-1/2"]
[WhiteElo "2350"]
[BlackElo "2463"]
[Annotator "TA"]
[PlyCount "83"]
[EventDate "2020.09.05"]
[EventType "team-tourn"]
[EventCountry "POL"]
[SourceTitle "playchess.com"]
[Source "ChessBase"]
[SourceQuality "1"]
[WhiteTeam "LKSz GCKiP Czarna"]
[BlackTeam "Sz.S.O.N. ZAGLEBIE Dabrowa G."]
[WhiteTeamCountry "POL"]
[BlackTeamCountry "POL"]

{[%evp 9,83,-4,27,26,34,38,29,38,31,0,14,0,0,0,0,0,0,0,17,14,31,18,18,-68,-31,-122,-131,-134,0,-343,-325,-523,-494,-749,-81,-48,-18,-43,-7,-11,-14,-114,38,40,40,38,35,33,39,0,0,0,34,-55,112,113,112,112,194,191,279,99,137,116,147,56,68,52,54,0,72,20,66,66,71,50]} 1. d4 d6 2. c4 e5 3. d5 f5 4. Nc3 Nf6 5. e4 fxe4 6. Nge2 {A41: 1 d4 d6: Tartakower System and Modern Defence.} Na6 7. Ng3 Nc5 8. Be3 {White has an edge.} b6 9. Qc2 Be7 10. Bxc5 bxc5 11. Ncxe4 Nxe4 {[#]} 12. Nxe4 $146 ({Predecessor:} 12. Qxe4 Rb8 13. Qc2 c6 14. Bd3 Qa5+ 15. Kf1 cxd5 16. cxd5 Ba6 17. b3 O-O 18. Kg1 Bxd3 19. Qxd3 Rb4 20. Ne4 Rd4 21. Qe2 Qb4 22. Re1 Rxd5 {0-1 (22) Hoethe,C (2144)-Koellner,R (2328) Schwaebisch Gmuend 2020}) 12... O-O 13. Bd3 g6 14. O-O-O Bf5 15. Kb1 Rb8 16. Ng3 {[#]} (16. Nc3 $11) 16... e4 $1 $36 {[%cal Re4d3][%mdl 2560] White is under pressure.} 17. Bxe4 (17. Nxe4 $15 Bxe4 18. Bxe4) 17... Bf6 $17 18. b3 Bg7 ({Black should play} 18... Bd7 $17 19. Bd3 Bg7) 19. a4 $2 {[%mdl 8192]} (19. Bxf5 $11 {and White has nothing to worry.} Qf6 20. Be6+ Kh8 21. Kc1 Qa1+ 22. Kd2 Rxf2+ {[%mdl 64] Double Attack} 23. Ke3 Rxc2 24. Rxa1) 19... Bd7 ({Less strong is} 19... Qf6 20. Ka2 $17) 20. Ka2 $2 (20. Rd3 Bxa4 21. Kc1) 20... Rb4 $19 21. Rb1 (21. Ne2 $142 Bxa4 22. Rd3 Rxf2 23. bxa4 Rxe2 24. Qxe2) 21... Qf6 $2 (21... Qc8 $19 {aiming for ...Qa6!} 22. Ne2 {[#]} Qa6 $1 {[%mdl 512]}) 22. Bf3 $17 Rfb8 23. Ne4 Qe5 {...Bxa4! is the strong threat.} 24. Ka3 $1 Bf5 25. Rhe1 (25. h3 $1 $11) 25... Bxe4 $2 (25... Qxh2 $17 26. g3 Bd4) 26. Bxe4 $14 Qxh2 27. g3 {And now Rh1 would win.} Rf8 28. Re2 {Strongly threatening Rh1.} Qh3 29. Rh1 Qg4 30. Bg2 Qg5 31. Bh3 (31. Re3 $14) 31... Qf6 $2 (31... Rf3 $1 $15 32. Re8+ Kf7) 32. f4 $16 Rfb8 33. Re3 Qd4 (33... h6 $16) 34. Be6+ $18 Kh8 (34... Kf8 $142 35. Rhe1 Qf6) 35. Rhe1 $2 (35. Rf3 $18 {and White stays clearly on top.}) 35... Qf6 36. Bd7 Rf8 37. Re6 ({White should try} 37. Bb5 $16) 37... Qc3 $1 $14 {[%cal Rc3c2]} 38. Qxc3 Bxc3 39. Rh1 ({Better is} 39. Rc1 $14 Bd4 40. Bb5) 39... Bf6 (39... Rfb8 $11 {remains equal.} 40. Bb5 a6 41. Re8+ Rxe8 42. Bxe8 Kg7) 40. g4 (40. Bb5 $16) 40... g5 41. f5 Rbb8 42. Ka2 {What a bad dream for Black. Accuracy: White = 50%, Black = 53%.} 1/2-1/2

[Event "POL-chT 1st League 2020"]
[Site "Ustron"]
[Date "2020.09.07"]
[Round "3.9"]
[White "Olsen, Filip Boe"]
[Black "Kozak, Antoni"]
[Result "1/2-1/2"]
[WhiteElo "2351"]
[BlackElo "2347"]
[Annotator "ChessBase"]
[PlyCount "99"]
[EventDate "2020.09.05"]
[EventType "team-tourn"]
[EventCountry "POL"]
[SourceTitle "playchess.com"]
[Source "ChessBase"]
[SourceQuality "1"]
[WhiteTeam "Sz.S.O.N. ZAGLEBIE Dabrowa G."]
[BlackTeam "LKSz GCKiP Czarna"]
[WhiteTeamCountry "DEN"]
[BlackTeamCountry "POL"]
[TimeControl "40/5400+30:1800+30"]

1. d4 {[%emt 0:00:00]} d5 {[%emt 0:00:00]} 2. Nf3 {[%emt 0:00:00]} Nf6 {[%emt 0:00:00]} 3. g3 {[%emt 0:00:00]} c6 {[%emt 0:04:55]} 4. Bg2 {[%emt 0:01:21]} Bf5 {[%emt 0:00:32]} 5. O-O {[%emt 0:00:45]} e6 {[%emt 0:00:06]} 6. b3 {[%emt 0:03:09]} h6 {[%emt 0:07:34]} 7. Bb2 {[%emt 0:00:59]} Nbd7 {[%emt 0:00:35]} 8. c4 {[%emt 0:01:00]} Be7 {[%emt 0:00:27]} 9. Nfd2 {[%emt 0:05:45]} O-O {[%emt 0:01:43]} 10. Nc3 {[%emt 0:00:28]} Re8 {[%emt 0:03:14]} 11. Re1 {[%emt 0:06:27]} a5 {[%emt 0:01:49]} 12. a3 {[%emt 0:04:05]} Qb6 {[%emt 0:05:15]} 13. c5 {[%emt 0:15:24]} Qc7 {[%emt 0:00:25]} 14. e4 {[%emt 0:03:59]} dxe4 {[%emt 0:00:43]} 15. Ncxe4 {[%emt 0:01:26]} Nxe4 {[%emt 0:00:06]} 16. Bxe4 {[%emt 0:00:14]} Bxe4 {[%emt 0:01:14]} 17. Nxe4 {[%emt 0:03:34]} Nf6 {[%emt 0:04:18]} 18. Nd2 {[%emt 0:00:48]} b5 {[%emt 0:01:57]} 19. a4 {[%emt 0:05:42]} Rab8 {[%emt 0:06:44]} 20. axb5 {[%emt 0:03:04]} Rxb5 {[%emt 0:00:08]} 21. Nc4 {[%emt 0:02:44]} Nd5 {[%emt 0:02:24]} 22. Bc1 {[%emt 0:05:18]} Reb8 {[%emt 0:02:21]} 23. Bd2 {[%emt 0:08:59]} Rxb3 {[%emt 0:08:47]} 24. Bxa5 {[%emt 0:09:39]} Qb7 {[%emt 0:00:06]} 25. Bb6 {[%emt 0:01:00]} Rb4 {[%emt 0:00:04]} 26. Ra7 {[%emt 0:00:55]} Qc8 {[%emt 0:00:04]} 27. Qd3 {[%emt 0:03:37]} Nxb6 {[%emt 0:07:05]} 28. Nxb6 {[%emt 0:03:50]} Qd8 {[%emt 0:01:59]} 29. Qc3 {[%emt 0:00:45]} Rb5 {[%emt 0:14:33]} 30. Qf3 {[%emt 0:01:17]} Qe8 {[%emt 0:03:04]} 31. Qf4 {[%emt 0:04:29]} Rd8 {[%emt 0:01:43]} 32. Rea1 {[%emt 0:00:19]} Bf6 {[%emt 0:04:14]} 33. Ra8 {[%emt 0:00:27]} Rxb6 {[%emt 0:00:04]} 34. Rxd8 {[%emt 0:00:06]} Qxd8 {[%emt 0:00:02]} 35. cxb6 {[%emt 0:00:12]} Qxb6 {[%emt 0:00:01]} 36. Qe4 {[%emt 0:02:00]} g6 {[%emt 0:00:38]} 37. Ra4 {[%emt 0:00:46]} Qb5 {[%emt 0:07:24]} 38. Ra8+ {[%emt 0:00:22]} Kg7 {[%emt 0:00:03]} 39. Rc8 {[%emt 0:02:47]} Qd5 {[%emt 0:00:05]} 40. Qc2 {[%emt 0:00:00]} Bxd4 {[%emt 0:00:00]} 41. Qxc6 {[%emt 0:02:35]} Qf5 {[%emt 0:00:44]} 42. Qc2 {[%emt 0:01:25]} Qf3 {[%emt 0:00:09]} 43. Qd2 {[%emt 0:01:42]} e5 {[%emt 0:06:28]} 44. Rc2 {[%emt 0:00:55]} h5 {[%emt 0:01:19]} 45. Qe2 {[%emt 0:00:26]} Qb7 {[%emt 0:00:16]} 46. h3 {[%emt 0:08:41]} Qb3 {[%emt 0:03:19]} 47. Kg2 {[%emt 0:00:38]} Qd5+ {[%emt 0:00:23]} 48. Kg1 {[%emt 0:01:25]} Qb3 {[%emt 0:00:11]} 49. Kg2 {[%emt 0:00:23]} Qd5+ {[%emt 0:00:05]} 50. Kg1 {[%emt 0:00:30]} 1/2-1/2

[Event "POL-chT 1st League 2020"]
[Site "Ustron"]
[Date "2020.09.07"]
[Round "3.10"]
[White "Chyzy, Jakub"]
[Black "Szoen, Dariusz"]
[Result "1/2-1/2"]
[WhiteElo "2249"]
[BlackElo "2407"]
[Annotator "TA"]
[PlyCount "120"]
[EventDate "2020.09.05"]
[EventType "team-tourn"]
[EventCountry "POL"]
[SourceTitle "playchess.com"]
[Source "ChessBase"]
[SourceQuality "1"]
[WhiteTeam "LKSz GCKiP Czarna"]
[BlackTeam "Sz.S.O.N. ZAGLEBIE Dabrowa G."]
[WhiteTeamCountry "POL"]
[BlackTeamCountry "POL"]

{[%evp 14,120,-21,-34,-10,-5,58,-10,47,-33,-24,-39,-33,-16,-36,-53,27,44,37,37,73,35,73,13,79,8,8,8,8,8,8,8,15,8,8,8,15,10,10,0,0,0,0,0,9,10,64,65,54,65,64,54,63,64,66,68,75,63,87,90,110,91,105,0,52,0,6,0,58,0,0,0,0,0,0,0,7,7,16,18,60,0,0,0,0,0,0,0,0,0,0,0,0,0,0,0,0,0,0,0,0,0,0,0,0,0,0,0,0]} 1. e4 e6 2. d4 d5 3. Nc3 Bb4 4. e5 c5 5. Bd2 Ne7 6. Nb5 Bxd2+ 7. Qxd2 O-O 8. f4 Nbc6 {C17: French: 3 Nc3 Bb4 4 e5 c5 sidelines.} (8... a6 $5 {[%cal Ra6b5]} 9. Nd6 cxd4 $15) 9. Nf3 f6 ({Black should try} 9... Bd7 $11) 10. c3 (10. exf6 $14 gxf6 11. dxc5) 10... Qb6 {[#]} ({Black should play} 10... a6 $11 11. Nd6 Ng6 12. Nxc8 (12. dxc5 fxe5 13. fxe5 b6 $11) 12... Rxc8) 11. Nd6 $146 (11. dxc5 $14 Qxc5 12. exf6 gxf6 13. Bd3) ({Predecessor:} 11. dxc5 Qxc5 12. b4 Qb6 13. Nd6 fxe5 14. Nxc8 Raxc8 15. Nxe5 Nxe5 16. fxe5 Nc6 17. a4 {0-1 (51) Bartholomew,K (1846)-Cobham,M (2012) Port of Spain 2019}) 11... cxd4 12. cxd4 fxe5 13. fxe5 Bd7 14. Bd3 Nf5 (14... Nc8 $1 $15) 15. Bxf5 $11 exf5 16. Rc1 f4 17. h3 Be8 18. O-O (18. Rc3 $1 $16) 18... Bh5 {[#]} (18... Nxe5 $1 $11 {keeps the balance.} 19. Nxe5 Qxd6) 19. Kh2 ({But not} 19. Rc5 Bxf3 20. gxf3 Nxe5 $15) (19. Rxc6 $1 $16 Qxc6 20. Ng5) 19... Bxf3 20. Rxf3 Qxd4 21. Qxd4 Nxd4 22. Rd3 Ne6 23. Rxd5 f3 24. g3 Rad8 25. Rd3 Ng5 26. h4 Ne4 27. Rd4 Nxd6 28. exd6 {[%mdl 4096] Endgame KRR-KRR} f2 29. Kg2 Rf6 (29... f1=R $11 30. Rxf1 Rxf1 31. Kxf1 Rd7) 30. Kf1 $1 $14 Rfxd6 31. Rxd6 Rxd6 {KR-KR} 32. Rc8+ Kf7 33. Rc7+ {[%mdl 64] Double Attack} Kf6 34. Rxb7 Rd2 35. a4 a5 36. Rb5 g6 {[#]} 37. b3 $1 Rb2 38. g4 (38. Rxa5 $16 {Hoping for Rb5.} Rxb3 39. Kxf2) 38... h6 $1 39. Kg2 (39. h5 $1 $14) 39... Kf7 40. Kf1 (40. Rb7+ $11 Ke6 41. Rb5) 40... Kf6 $1 41. g5+ (41. h5 $1 $14) 41... hxg5 $11 42. hxg5+ Ke6 43. Kg2 Kd6 44. Rxa5 {Rb5 is the strong threat.} Rxb3 45. Kxf2 Ra3 46. Ke2 Kc6 47. Kf2 ({Better is} 47. Ra6+ $14 Kd5 48. Rxg6 Rxa4 49. Kf3) 47... Kb6 {The position is equal.} 48. Ra8 Kb7 $1 {[%cal Rb7a8]} 49. Rg8 (49. Rf8 {with more complications.} Rxa4 50. Rf7+ Kc6 51. Rf6+ Kb7 52. Ke3) 49... Rxa4 50. Rxg6 Kc7 51. Kg3 {Threatens to win with Re6.} Kd7 52. Rf6 Ke7 53. Rf5 Rb4 54. Kh3 Ra4 55. Rf3 Rb4 56. Rf5 Ra4 57. Kg3 Rb4 58. g6 Rb6 59. Rg5 {And now g7 would win.} Kf8 60. Kg4 Kg7 {Accuracy: White = 78%, Black = 79%.} 1/2-1/2

[Event "POL-chT 1st League 2020"]
[Site "Ustron"]
[Date "2020.09.07"]
[Round "3.11"]
[White "Tymrakiewicz, Rafal"]
[Black "Czernek, Tymon"]
[Result "0-1"]
[WhiteElo "2245"]
[BlackElo "2267"]
[Annotator "ChessBase"]
[PlyCount "160"]
[EventDate "2020.09.05"]
[EventType "team-tourn"]
[EventCountry "POL"]
[SourceTitle "playchess.com"]
[Source "ChessBase"]
[SourceQuality "1"]
[WhiteTeam "Sz.S.O.N. ZAGLEBIE Dabrowa G."]
[BlackTeam "LKSz GCKiP Czarna"]
[WhiteTeamCountry "POL"]
[BlackTeamCountry "POL"]
[TimeControl "40/5400+30:1800+30"]

1. d4 {[%emt 0:00:00]} f5 {[%emt 0:00:00]} 2. Bg5 {[%emt 0:01:25]} g6 {[%emt 0:00:00]} 3. h4 {[%emt 0:09:38]} Bg7 {[%emt 0:00:00]} 4. Nc3 {[%emt 0:03:56]} d6 {[%emt 0:02:44]} 5. e4 {[%emt 0:04:50]} Nf6 {[%emt 0:14:54]} 6. f3 {[%emt 0:21:50]} h6 {[%emt 0:09:27]} 7. Be3 {[%emt 0:01:53]} fxe4 {[%emt 0:00:53]} 8. Nxe4 {[%emt 0:01:13]} Nxe4 {[%emt 0:05:00]} 9. fxe4 {[%emt 0:00:11]} e5 {[%emt 0:00:15]} 10. d5 {[%emt 0:07:27]} Nd7 {[%emt 0:01:39]} 11. h5 {[%emt 0:05:52]} Nf6 {[%emt 0:04:35]} 12. hxg6 {[%emt 0:07:51]} Nxe4 {[%emt 0:00:14]} 13. Bb5+ {[%emt 0:07:22]} Bd7 {[%emt 0:13:04]} 14. Qf3 {[%emt 0:03:42]} Nf6 {[%emt 0:00:19]} 15. Bxd7+ {[%emt 0:00:07]} Qxd7 {[%emt 0:00:05]} 16. O-O-O {[%emt 0:00:15]} O-O-O {[%emt 0:01:27]} 17. Ne2 {[%emt 0:00:04]} Ng4 {[%emt 0:03:50]} 18. Nc3 {[%emt 0:04:37]} Rdf8 {[%emt 0:06:37]} 19. Qe2 {[%emt 0:00:37]} a6 {[%emt 0:00:48]} 20. Bg1 {[%emt 0:03:02]} Qf5 {[%emt 0:01:08]} 21. Rh3 {[%emt 0:03:29]} Qxg6 {[%emt 0:00:59]} 22. b4 {[%emt 0:04:11]} h5 {[%emt 0:04:41]} 23. b5 {[%emt 0:01:04]} axb5 {[%emt 0:01:03]} 24. Nxb5 {[%emt 0:01:23]} Kd7 {[%emt 0:10:02]} 25. Rc3 {[%emt 0:01:13]} Rc8 {[%emt 0:00:58]} 26. Na7 {[%emt 0:01:16]} e4 {[%emt 0:03:18]} 27. Qb5+ {[%emt 0:00:24]} Ke7 {[%emt 0:00:51]} 28. Nxc8+ {[%emt 0:00:50]} Rxc8 {[%emt 0:00:01]} 29. Bd4 {[%emt 0:02:26]} Nf2 {[%emt 0:08:16]} 30. Qxb7 {[%emt 0:01:43]} Bh6+ {[%emt 0:01:10]} 31. Be3 {[%emt 0:00:57]} Bxe3+ {[%emt 0:00:23]} 32. Rxe3 {[%emt 0:00:13]} Nxd1 {[%emt 0:00:04]} 33. Kxd1 {[%emt 0:00:56]} Qg4+ {[%emt 0:00:05]} 34. Kc1 {[%emt 0:00:16]} Qf4 {[%emt 0:01:49]} 35. Qxc8 {[%emt 0:00:34]} Qxe3+ {[%emt 0:00:08]} 36. Kb2 {[%emt 0:00:27]} Qd4+ {[%emt 0:00:14]} 37. Kc1 {[%emt 0:00:42]} Qxd5 {[%emt 0:01:41]} 38. Qxc7+ {[%emt 0:00:05]} Ke6 {[%emt 0:00:05]} 39. Qh7 {[%emt 0:00:36]} Qg5+ {[%emt 0:00:16]} 40. Kd1 {[%emt 0:00:00]} Qg4+ {[%emt 0:00:00]} 41. Kc1 {[%emt 0:09:47]} Qf4+ {[%emt 0:00:29]} 42. Kb2 {[%emt 0:04:03]} e3 {[%emt 0:01:05]} 43. Qg6+ {[%emt 0:02:40]} Kd7 {[%emt 0:00:45]} 44. Qxh5 {[%emt 0:06:58]} Qb4+ {[%emt 0:00:37]} 45. Ka1 {[%emt 0:03:05]} Qd2 {[%emt 0:00:09]} 46. Qf7+ {[%emt 0:00:36]} Kc6 {[%emt 0:00:08]} 47. Qc4+ {[%emt 0:01:01]} Kb6 {[%emt 0:00:07]} 48. a4 {[%emt 0:01:46]} e2 {[%emt 0:01:59]} 49. Qb5+ {[%emt 0:00:16]} Kc7 {[%emt 0:00:11]} 50. Qc4+ {[%emt 0:00:13]} Kd8 {[%emt 0:00:24]} 51. Qg8+ {[%emt 0:01:04]} Ke7 {[%emt 0:00:06]} 52. Qg7+ {[%emt 0:02:23]} Ke6 {[%emt 0:00:05]} 53. Qg6+ {[%emt 0:01:02]} Ke5 {[%emt 0:00:10]} 54. Qg7+ {[%emt 0:00:55]} Kd5 {[%emt 0:02:07]} 55. Qf7+ {[%emt 0:00:51]} Kc5 {[%emt 0:01:02]} 56. Qc7+ {[%emt 0:00:22]} Kb4 {[%emt 0:01:10]} 57. Qb6+ {[%emt 0:00:21]} Kxa4 {[%emt 0:02:21]} 58. Qa6+ {[%emt 0:00:15]} Kb4 {[%emt 0:00:41]} 59. Qb6+ {[%emt 0:00:45]} Kc3 {[%emt 0:00:54]} 60. Qb3+ {[%emt 0:01:12]} Kd4 {[%emt 0:00:12]} 61. Qb6+ {[%emt 0:00:05]} Ke4 {[%emt 0:01:19]} 62. Qb7+ {[%emt 0:00:49]} Qd5 {[%emt 0:00:33]} 63. Qh7+ {[%emt 0:00:42]} Ke3 {[%emt 0:00:30]} 64. Qh6+ {[%emt 0:00:37]} Kf2 {[%emt 0:00:15]} 65. Qh4+ {[%emt 0:00:28]} Kxg2 {[%emt 0:00:56]} 66. Qg4+ {[%emt 0:00:23]} Kf1 {[%emt 0:00:50]} 67. Qh3+ {[%emt 0:01:29]} Qg2 {[%emt 0:00:42]} 68. Qd3 {[%emt 0:00:23]} Kf2 {[%emt 0:02:11]} 69. Qd4+ {[%emt 0:00:13]} Kg3 {[%emt 0:01:18]} 70. Qxd6+ {[%emt 0:00:26]} Kf2 {[%emt 0:00:45]} 71. Qd4+ {[%emt 0:00:19]} Kf1 {[%emt 0:00:12]} 72. Qd3 {[%emt 0:00:54]} Qg4 {[%emt 0:00:19]} 73. c4 {[%emt 0:00:44]} Kf2 {[%emt 0:00:17]} 74. Qc2 {[%emt 0:00:32]} Qf3 {[%emt 0:01:03]} 75. c5 {[%emt 0:00:20]} Qd5 {[%emt 0:00:20]} 76. Kb2 {[%emt 0:00:24]} Kf1 {[%emt 0:00:10]} 77. c6 {[%emt 0:00:58]} e1=Q {[%emt 0:00:05]} 78. c7 {[%emt 0:00:16]} Qb4+ {[%emt 0:00:07]} 79. Kc1 {[%emt 0:00:18]} Qg5+ {[%emt 0:00:08]} 80. Kd1 {[%emt 0:00:02]} Qd4+ {[%emt 0:00:09]} 0-1

[Event "POL-chT 1st League 2020"]
[Site "Ustron"]
[Date "2020.09.07"]
[Round "3.12"]
[White "Wikar, Martyna"]
[Black "Kubicka, Anna"]
[Result "1-0"]
[WhiteElo "2045"]
[BlackElo "2264"]
[Annotator "ChessBase"]
[PlyCount "111"]
[EventDate "2020.09.05"]
[EventType "team-tourn"]
[EventCountry "POL"]
[SourceTitle "playchess.com"]
[Source "ChessBase"]
[SourceQuality "1"]
[WhiteTeam "LKSz GCKiP Czarna"]
[BlackTeam "Sz.S.O.N. ZAGLEBIE Dabrowa G."]
[WhiteTeamCountry "POL"]
[BlackTeamCountry "POL"]
[TimeControl "40/5400+30:1800+30"]

1. e4 {[%emt 0:00:00]} c6 {[%emt 0:00:00]} 2. d4 {[%emt 0:00:00]} d5 {[%emt 0:00:00]} 3. Nc3 {[%emt 0:00:07]} dxe4 {[%emt 0:00:00]} 4. Nxe4 {[%emt 0:00:06]} Nd7 {[%emt 0:00:02]} 5. Bc4 {[%emt 0:02:09]} Ngf6 {[%emt 0:00:14]} 6. Ng5 {[%emt 0:01:17]} e6 {[%emt 0:00:07]} 7. Qe2 {[%emt 0:00:21]} Nb6 {[%emt 0:00:22]} 8. Bd3 {[%emt 0:02:14]} h6 {[%emt 0:00:47]} 9. N5f3 {[%emt 0:01:55]} c5 {[%emt 0:00:48]} 10. dxc5 {[%emt 0:04:52]} Bxc5 {[%emt 0:00:55]} 11. Ne5 {[%emt 0:01:54]} Qc7 {[%emt 0:04:00]} 12. Ngf3 {[%emt 0:04:21]} O-O {[%emt 0:03:16]} 13. O-O {[%emt 0:02:06]} Bd7 {[%emt 0:05:13]} 14. c3 {[%emt 0:06:05]} Bc6 {[%emt 0:02:58]} 15. Nxc6 {[%emt 0:05:29]} Qxc6 {[%emt 0:01:16]} 16. Ne5 {[%emt 0:01:26]} Qc7 {[%emt 0:02:50]} 17. Bf4 {[%emt 0:04:19]} Nbd5 {[%emt 0:04:25]} 18. Bg3 {[%emt 0:01:53]} Bd6 {[%emt 0:07:36]} 19. Rad1 {[%emt 0:06:16]} Rad8 {[%emt 0:03:03]} 20. Bb1 {[%emt 0:04:28]} b5 {[%emt 0:10:46]} 21. Rfe1 {[%emt 0:03:27]} a6 {[%emt 0:12:37]} 22. Qc2 {[%emt 0:06:51]} g6 {[%emt 0:07:00]} 23. Rd4 {[%emt 0:05:59]} Bxe5 {[%emt 0:22:55]} 24. Bxe5 {[%emt 0:01:00]} Qe7 {[%emt 0:00:14]} 25. Qd2 {[%emt 0:02:22]} Kh7 {[%emt 0:02:40]} 26. b3 {[%emt 0:05:09]} Nd7 {[%emt 0:05:50]} 27. Bg3 {[%emt 0:04:22]} Qg5 {[%emt 0:01:29]} 28. f4 {[%emt 0:04:55]} Qh5 {[%emt 0:01:35]} 29. c4 {[%emt 0:01:10]} bxc4 {[%emt 0:00:04]} 30. bxc4 {[%emt 0:00:05]} N5f6 {[%emt 0:00:55]} 31. f5 {[%emt 0:03:26]} gxf5 {[%emt 0:00:10]} 32. Bc7 {[%emt 0:06:48]} Rc8 {[%emt 0:00:41]} 33. Rxd7 {[%emt 0:00:13]} Nxd7 {[%emt 0:00:02]} 34. Qxd7 {[%emt 0:00:02]} Rce8 {[%emt 0:01:35]} 35. c5 {[%emt 0:02:31]} Rg8 {[%emt 0:00:26]} 36. Qd2 {[%emt 0:03:33]} Rg4 {[%emt 0:00:36]} 37. g3 {[%emt 0:01:50]} Reg8 {[%emt 0:00:27]} 38. Bf4 {[%emt 0:01:31]} Qg6 {[%emt 0:00:32]} 39. Qe3 {[%emt 0:00:43]} Qf6 {[%emt 0:00:24]} 40. c6 {[%emt 0:00:00]} Qh4 {[%emt 0:00:00]} 41. Kh1 {[%emt 0:04:58]} Qd8 {[%emt 0:01:00]} 42. Qf3 {[%emt 0:01:55]} Qa5 {[%emt 0:05:53]} 43. Rc1 {[%emt 0:02:15]} R4g6 {[%emt 0:03:25]} 44. c7 {[%emt 0:02:55]} Rc8 {[%emt 0:00:53]} 45. Qb7 {[%emt 0:02:12]} Rgg8 {[%emt 0:00:10]} 46. Qc6 {[%emt 0:01:09]} h5 {[%emt 0:06:12]} 47. Qc5 {[%emt 0:03:50]} Qa4 {[%emt 0:02:20]} 48. Bxf5+ {[%emt 0:02:20]} exf5 {[%emt 0:01:54]} 49. Qxf5+ {[%emt 0:00:06]} Rg6 {[%emt 0:00:51]} 50. Qxf7+ {[%emt 0:00:09]} Rg7 {[%emt 0:00:16]} 51. Qf5+ {[%emt 0:00:13]} Rg6 {[%emt 0:00:10]} 52. Qxh5+ {[%emt 0:00:37]} Kg7 {[%emt 0:00:18]} 53. Be5+ {[%emt 0:00:22]} Rf6 {[%emt 0:01:52]} 54. Qg5+ {[%emt 0:00:19]} Kh7 {[%emt 0:00:03]} 55. Bxf6 {[%emt 0:00:14]} Qe4+ {[%emt 0:02:37]} 56. Kg1 {[%emt 0:00:05]} 1-0

[Event "POL-chT 1st League 2020"]
[Site "Ustron"]
[Date "2020.09.07"]
[Round "3.13"]
[White "Plichta, Kamil"]
[Black "Cukrowski, Filip"]
[Result "0-1"]
[WhiteElo "2383"]
[BlackElo "2406"]
[Annotator "TA"]
[PlyCount "127"]
[EventDate "2020.09.05"]
[EventType "team-tourn"]
[EventCountry "POL"]
[SourceTitle "playchess.com"]
[Source "ChessBase"]
[SourceQuality "1"]
[WhiteTeam "Gostmat Gostynin"]
[BlackTeam "UKS RODLO Opole"]
[WhiteTeamCountry "POL"]
[BlackTeamCountry "POL"]

{[%evp 12,127,26,0,0,0,0,-10,-15,-55,-55,-67,-67,-67,-58,-82,-84,-81,-73,-130,-133,-156,-135,-171,-162,-158,-164,-160,-121,-130,-119,-140,-134,-154,-144,-150,-142,-134,-132,-139,-132,-128,-127,-147,-141,-150,-143,-157,-160,-147,-154,-154,-151,-149,-143,-158,-149,-241,-224,-264,-272,-247,-244,-258,-248,-258,-258,-225,-239,-247,-237,-247,-246,-256,-256,-236,-238,-326,-257,-319,-306,-290,-197,-198,-196,-216,-189,-316,-306,-2025,-1914,-1609,-584,-629,-643,-643,-643,-636,-636,-636,-633,-573,-545,-622,-558,-750,-750,-749,-749,-839,-673,-29984,-29985,-29985,-29986,-29987,-29988,-29994]} 1. d4 d5 2. c4 e6 3. Nc3 Bb4 4. Nf3 Nf6 5. Bg5 h6 6. Bxf6 Qxf6 7. Rc1 dxc4 {has lost popularity (7...0-0). D38: Queen's Gambit Declined: Ragozin Defence (4 Nf3 Bb4).} 8. Qa4+ Nc6 9. a3 Bxc3+ {The position is equal.} 10. Rxc3 Qf5 11. Qxc4 Qb1+ 12. Rc1 Qxb2 13. Qc3 Qxc3+ 14. Rxc3 Bd7 {[#]} 15. e4 $146 (15. e3 $142) ({Predecessor:} 15. g3 O-O-O 16. Bg2 Rhe8 17. O-O e5 18. d5 Nd4 19. Nxd4 exd4 20. Rc2 Bf5 21. Rd2 {½-½ (44) Kustar,S (2351)-Farago,I (2507) Budapest 2004}) 15... O-O-O $17 16. Bc4 Be8 17. d5 exd5 18. Bxd5 Ne7 19. Bb3 f6 20. O-O Ng6 21. Rfc1 c6 22. Ne1 Nf4 23. Kf1 Bh5 {...Ne2 is the strong threat.} 24. f3 {next g3 is good for White.} Rhe8 25. R1c2 Bg6 26. Rb2 Re7 27. g3 Ne6 28. Ba2 Nd4 29. Kf2 f5 30. exf5 Bxf5 {Threatens to win with ...Rde8.} 31. Ng2 Be6 32. Bb1 Bf7 33. h4 Re5 34. a4 {[#]} (34. Bd3 $17) 34... Ra5 $1 $19 35. Rb4 c5 36. Ne3 b6 37. Nf5 {Strongly threatening Rxd4.} Kb8 38. Rb2 Nxf5 ({Weaker is} 38... Rxa4 39. Rxc5 Bd5 40. Rc3 $17) 39. Bxf5 c4 ({Much less strong is} 39... Rxa4 40. Rxc5 Rad4 41. Rc3 $17) 40. Bc2 Rd2+ 41. Ke3 Rg2 42. Rb5 Rxb5 ({Resist} 42... Rxg3 43. Rxa5 bxa5 44. Be4 $17) 43. axb5 Rxg3 {[%mdl 4096] Endgame KRB-KRB} 44. Kf4 Rg2 45. Be4 Rb2 46. Bc6 Rb3 47. Rc1 c3 48. Ke5 Bg6 49. f4 {[#]} (49. Kd4 {only move.}) 49... Bd3 $1 {White must now prevent ...c2.} 50. Kd6 $2 (50. Bd5 Ra3 51. Be4 Bxb5 52. Rg1) 50... c2 51. Re1 Be2 (51... Bf5 $142 52. Rc1 Rb1 53. Rxc2 Bxc2) 52. Rc1 Bd1 53. Be4 Rxb5 54. Bxc2 Bxc2 55. Rxc2 {[#] KR-KR} Rc5 $1 56. Re2 (56. Rxc5 bxc5) 56... Rc7 57. f5 a5 {[%cal Ba7a5,Ba5a4,Ba4a3,Ba3a2][%mdl 32]} 58. Kd5 b5 {[%cal Bb6b5,Bb5b4][%mdl 32]} 59. Ra2 a4 60. Rb2 Rb7 61. Kc5 {Now Kb4 and White clings on.} a3 {Black mates.} 62. Rb1 {[#]} b4 $1 63. Kc4 (63. Rxb4 Rxb4) 63... a2 64. Kd4 {Accuracy: White = 67%, Black = 89%.} 0-1